Ο Ιανός το διπλό πρόσωπο της Δύσης : κοινωνικοπολιτική ανατομία του αστικού καθεστώτος
Αποθηκεύτηκε σε:
| Κύριος συγγραφέας: | |
|---|---|
| Μορφή: | Βιβλίο |
| Γλώσσα: | Greek |
| Δημοσίευση: |
Ράππας,
|
| Θέματα: | |
| Ετικέτες: |
Προσθήκη ετικέτας
Δεν υπάρχουν, Καταχωρήστε ετικέτα πρώτοι!
|
MARC
| LEADER | 00000nam a2200000 i 4500 | ||
|---|---|---|---|
| 001 | 1/40640 | ||
| 008 | 960222s1983 gre d | ||
| 035 | |l 10025266 | ||
| 040 | |a GR-MY-UA |b gre |e aacr | ||
| 041 | 0 | |a gre | |
| 082 | 0 | |a 306.2091821 | |
| 100 | 1 | |a Duverger, Maurice. | |
| 245 | 1 | 2 | |a Ο Ιανός το διπλό πρόσωπο της Δύσης : |b κοινωνικοπολιτική ανατομία του αστικού καθεστώτος / |c M.Duvercer |
| 260 | |b Ράππας, | ||
| 300 | |a 269 σ. | ||
| 650 | 0 | 0 | |a Liberalism |x History. |
| 650 | 0 | 0 | |a Liberalism |x Social aspects. |
| 650 | 0 | 0 | |a Constitutional history |z Europe. |
| 852 | |a INST |b CHIOS |e 19960222 |h 306.2091821 DUV |p 005200006157 |q 005200006157 |t BK |y 0 | ||
| 909 | |a Χ |b 003426 | ||